Javier mariño; historia de una conversión /

Guardado en:
Autor Principal: Torrente Ballester, Gonzalo
Formato: Libro
Publicado: España : Naciónal, 1943
Materias:
Etiquetas: Agregar Etiqueta
Sin Etiquetas, Sea el primero en etiquetar este registro!
LEADER 00515nam a22001815a 4500
001 CEM.cems006304
005 20060214000000.0
008 130507s1943##################000#0#####d
003 CEMS
082 0 4 |a 863.6 
100 1 |a Torrente Ballester, Gonzalo 
245 1 0 |a Javier mariño; historia de una conversión / 
260 |a España :  |b Naciónal,  |c 1943 
300 |a 599 p. 
653 |a Literatura 
653 |a Novela española-siglo 20 
653 |a Novelas 
859 |a CEMS  |b BIB. CEMS - 11 de abril  |h 863.6  |i T635  |p 10261.81  |t Ej.1